[Event "Mittelfrank Regionalliga Nord-Ost 2122"]
[Site "Mittelfranken"]
[Date "2022.05.29"]
[Round "9.6"]
[White "Auburger, Philipp"]
[Black "Engl, Eva"]
[Result "1-0"]
[WhiteElo "2101"]
[BlackElo "1771"]
[PlyCount "89"]
[EventDate "2021.10.24"]
[EventType "team-tourn"]
[EventRounds "9"]
[EventCountry "GER"]
[SourceTitle "EXT 2024"]
[Source "ChessBase"]
[SourceDate "2023.10.10"]
[SourceVersion "1"]
[SourceVersionDate "2023.10.10"]
[SourceQuality "1"]
[WhiteTeam "Forchheim SC"]
[BlackTeam "Kelheim II"]
[WhiteTeamCountry "GER"]
[BlackTeamCountry "GER"]

1. e4 c5 2. c3 d5 3. exd5 Qxd5 4. d4 cxd4 5. cxd4 Nc6 6. Nf3 e6 7. Nc3 Qd8 8. Bd3 Nf6 9. 0-0 Be7 10. Bg5 0-0 11. Rc1 Nb4 12. Bb1 b6 13. Ne5 Bb7 14. a3 Nbd5 15. Re1 Rc8 16. Qd3 Nxc3 17. bxc3 Ne4 18. Bxe7 Qxe7 19. Rxe4 Bxe4 20. Qxe4 f5 21. Qc2 Qxa3 22. Ba2 Rce8 23. h3 g6 24. Re1 Qd6 25. Bc4 Re7 26. f4 Kg7 27. Kh2 Rc8 28. Qb3 Kf6 29. Rd1 Rec7 30. Kh1 a6 31. Bxa6 Rxc3 32. Qa4 Ra8 33. Qb5 Rc2 34. Bb7 Ra5 35. Qe8 Rc7 36. Bc6 Raa7 37. d5 g5 38. fxg5+ Kxe5 39. Re1+ Kd4 40. Qh5 Qg3 41. Qe2 exd5 42. Rd1+ Kc3 43. Qd2+ Kb3 44. Rb1+ Kc4 45. Qxd5+ 1-0

[Event "Mittelfrank Regionalliga Nord-Ost 2122"]
[Site "Mittelfranken"]
[Date "2022.05.08"]
[Round "8.5"]
[White "Bock, Helmar"]
[Black "Engl, Eva"]
[Result "1-0"]
[WhiteElo "2011"]
[BlackElo "1771"]
[PlyCount "111"]
[EventDate "2021.10.24"]
[EventType "team-tourn"]
[EventRounds "9"]
[EventCountry "GER"]
[SourceTitle "EXT 2024"]
[Source "ChessBase"]
[SourceDate "2023.10.10"]
[SourceVersion "1"]
[SourceVersionDate "2023.10.10"]
[SourceQuality "1"]
[WhiteTeam "Herzogenaurach II"]
[BlackTeam "Kelheim II"]
[WhiteTeamCountry "GER"]
[BlackTeamCountry "GER"]

1. d4 c5 2. d5 e6 3. e4 exd5 4. exd5 d6 5. Nc3 Ne7 6. h4 Nd7 7. Nf3 Nf6 8. Bg5 a6 9. a4 Bg4 10. a5 Ng6 11. Qe2+ Be7 12. Bxf6 gxf6 13. Qe3 0-0 14. Be2 Re8 15. Kf1 Bf8 16. Qd2 Bh5 17. Rh3 Bg7 18. Ra4 Qd7 19. Ng1 Bxe2+ 20. Ngxe2 h6 21. h5 Ne5 22. Rg3 Kh8 23. Rf4 Qe7 24. Re3 Qd8 25. Nd1 b5 26. axb6 Qxb6 27. Kg1 Qb5 28. Nec3 Qa5 29. Qe2 Rab8 30. Ra4 Qd8 31. Rxa6 f5 32. Ra4 Ng4 33. Rxe8+ Qxe8 34. Qxe8+ Rxe8 35. g3 Re1+ 36. Kg2 Bd4 37. Ra6 Be5 38. Ra8+ Kg7 39. Ra4 Nf6 40. Rh4 Bxc3 41. Nxc3 Rc1 42. Rf4 Nxh5 43. Rxf5 Kg6 44. Rf3 Rxc2 45. Ne4 Rxb2 46. g4 Ng7 47. Rf6+ Kh7 48. Rxf7 Rb4 49. f3 h5 50. g5 Kg8 51. g6 Ne8 52. Re7 Kf8 53. Rf7+ Kg8 54. Ng5 c4 55. Ne6 c3 56. Rf8# 1-0

[Event "Mittelfrank Regionalliga Nord-Ost 2122"]
[Site "Mittelfranken"]
[Date "2022.03.13"]
[Round "6.5"]
[White "Engl, Eva"]
[Black "Fiedler, Wolfgang"]
[Result "0-1"]
[WhiteElo "1771"]
[BlackElo "1936"]
[PlyCount "100"]
[EventDate "2021.10.24"]
[EventType "team-tourn"]
[EventRounds "9"]
[EventCountry "GER"]
[SourceTitle "EXT 2024"]
[Source "ChessBase"]
[SourceDate "2023.10.10"]
[SourceVersion "1"]
[SourceVersionDate "2023.10.10"]
[SourceQuality "1"]
[WhiteTeam "Kelheim II"]
[BlackTeam "Nuernberg Sued SW II"]
[WhiteTeamCountry "GER"]
[BlackTeamCountry "GER"]

1. d4 g6 2. c4 Bg7 3. Nf3 d6 4. Nc3 Nc6 5. d5 Nb8 6. e4 e5 7. Be2 Ne7 8. 0-0 0-0 9. Bg5 h6 10. Be3 b6 11. Qc1 Kh7 12. Rb1 a5 13. h3 f5 14. Bd3 f4 15. Bd2 g5 16. a3 Ng6 17. b4 h5 18. Be2 g4 19. hxg4 hxg4 20. Nh2 Qh4 21. Bxg4 Bxg4 22. Nxg4 Qxg4 23. f3 Qh5 24. Kf2 Kg8 25. Rh1 Qg5 26. Rh3 Kf7 27. Nb5 Qe7 28. bxa5 bxa5 29. Nc3 Na6 30. Na4 Rh8 31. Rxh8 Rxh8 32. Bxa5 Qh4+ 33. Ke2 Qg3 34. Qg1 Rh2 35. Kf1 Qh4 36. Ke2 Bf6 37. Kd3 Qg3 38. Rb2 Nh4 39. Be1 Rxg2 40. Bxg3 Rxg1 41. Bf2 Ra1 42. Rb3 Nxf3 43. Kc2 Nd4+ 44. Bxd4 exd4 45. Rd3 Re1 46. Rh3 Rxe4 47. Rh1 Re3 48. Kb2 d3+ 49. Kb3 d2+ 50. Kc2 Rxa3 0-1

[Event "Mittelfrank Regionalliga Nord-Ost 2122"]
[Site "Mittelfranken"]
[Date "2021.10.24"]
[Round "1.4"]
[White "Engl, Eva"]
[Black "Wittmann, Karl"]
[Result "1-0"]
[WhiteElo "1771"]
[BlackElo "2044"]
[PlyCount "105"]
[EventDate "2021.10.24"]
[EventType "team-tourn"]
[EventRounds "9"]
[EventCountry "GER"]
[SourceTitle "EXT 2024"]
[Source "ChessBase"]
[SourceDate "2023.10.10"]
[SourceVersion "1"]
[SourceVersionDate "2023.10.10"]
[SourceQuality "1"]
[WhiteTeam "Kelheim II"]
[BlackTeam "Fuerth SG"]
[WhiteTeamCountry "GER"]
[BlackTeamCountry "GER"]

1. d4 Nf6 2. c4 e6 3. Nc3 d5 4. e3 Nbd7 5. Nf3 Be7 6. Bd3 dxc4 7. Bxc4 Nb6 8. Bd3 c5 9. 0-0 0-0 10. Qc2 cxd4 11. Nxd4 Bd7 12. Rd1 Rc8 13. a3 Nbd5 14. Bd2 g6 15. e4 Nb6 16. Bh6 Ba4 17. Nb3 Nbd7 18. Be2 Qc7 19. Bxf8 Bxf8 20. Rd4 Nb6 21. Qd1 Bxb3 22. Qxb3 Bc5 23. Rd3 Qe5 24. Bf3 Nfd7 25. Rad1 Nf8 26. Qa2 Be7 27. Ne2 Bf6 28. b4 Na4 29. Rc1 Qb5 30. Rdd1 Rxc1 31. Rxc1 Bb2 32. Rd1 Qc6 33. Qb3 b5 34. Qd3 a6 35. Qe3 Qc2 36. Nd4 Qc4 37. e5 Nc3 38. Rd3 Qa2 39. Nc2 Qb1+ 40. Ne1 Qa1 41. g3 Qxa3 42. Nc2 Qb3 43. Qd2 Qc4 44. Rd6 Qc7 45. Rxa6 Qxe5 46. Nd4 Na4 47. Nc6 Qf6 48. Kg2 Bc3 49. Qd6 h5 50. Ra8 Qg7 51. Ne7+ Kh7 52. Qd8 Bxb4 53. Qxf8 1-0

[Event "Oberpfalz-ch M1"]
[Site "Sinzing"]
[Date "2014.04.15"]
[Round "8"]
[White "Riedl, Maximilian"]
[Black "Engl, Eva"]
[Result "1-0"]
[WhiteElo "2007"]
[BlackElo "1865"]
[PlyCount "120"]
[EventDate "2014.04.12"]
[EventType "swiss"]
[EventRounds "8"]
[EventCountry "GER"]
[SourceTitle "EXT 2022"]
[Source "ChessBase"]
[SourceDate "2021.10.06"]
[SourceVersion "1"]
[SourceVersionDate "2021.10.06"]
[SourceQuality "1"]

1. e4 e5 2. Nf3 Bc5 3. Nxe5 Qh4 4. Qe2 Nf6 5. Nc3 d6 6. Nf3 Qh5 7. d4 Bb6 8. Qb5+ Qxb5 9. Bxb5+ c6 10. Bd3 0-0 11. h3 Re8 12. 0-0 Ba5 13. Re1 Nbd7 14. Bf4 d5 15. exd5 Rxe1+ 16. Nxe1 Bxc3 17. bxc3 Nxd5 18. Bd2 N7f6 19. Nf3 h6 20. Rb1 Nb6 21. c4 Be6 22. c5 Nc4 23. Rb4 Nxd2 24. Nxd2 Rb8 25. a3 Nd5 26. Rb1 Nc3 27. Re1 Rd8 28. Nb1 Nd5 29. c3 g6 30. h4 Kg7 31. g3 Rd7 32. Be4 Nf6 33. Bf3 Nd5 34. Bxd5 Bxd5 35. Nd2 g5 36. hxg5 hxg5 37. f3 f5 38. Re8 Kf7 39. Ra8 a6 40. Rh8 Kg6 41. Kf2 Bf7 42. Rh1 Bd5 43. Rh2 Kg7 44. Nf1 b6 45. cxb6 Rb7 46. Ne3 Be6 47. Ke2 Rxb6 48. Kd3 Rb3 49. f4 gxf4 50. gxf4 Rxa3 51. Rb2 Rb3 52. Rxb3 Bxb3 53. Nxf5+ Kf6 54. Ne3 Bf7 55. c4 a5 56. Kc3 Ke6 57. Kb3 Kd6 58. Ka4 Bxc4 59. Nxc4+ Kd5 60. f5 c5 1-0

[Event "Nittenau-ch 13th"]
[Site "Nittenau"]
[Date "2013.09.15"]
[Round "4"]
[White "Engl, Eva"]
[Black "Vinogradov, Anatoli"]
[Result "1-0"]
[WhiteElo "1768"]
[BlackElo "1509"]
[PlyCount "55"]
[EventDate "2013.09.13"]
[EventType "swiss"]
[EventRounds "5"]
[EventCountry "GER"]
[SourceTitle "EXT 2022"]
[Source "ChessBase"]
[SourceDate "2021.10.06"]
[SourceVersion "1"]
[SourceVersionDate "2021.10.06"]
[SourceQuality "1"]

1. e4 e6 2. d4 d5 3. exd5 exd5 4. Nf3 Nf6 5. Bd3 c5 6. dxc5 Bxc5 7. 0-0 0-0 8. Bg5 Nc6 9. Nc3 Be6 10. a3 a6 11. Re1 Qb6 12. Qd2 Ng4 13. Bh4 Qc7 14. Nxd5 Bxd5 15. Bxh7+ Kxh7 16. Qxd5 Bxf2+ 17. Bxf2 Nf6 18. Qf5+ Kg8 19. Bh4 Qb6+ 20. Kh1 Qxb2 21. Rab1 Qc3 22. Rb3 Qc4 23. Bxf6 gxf6 24. Ng5 Qh4 25. Rg3 fxg5 26. Rxg5+ Qxg5 27. Qxg5+ Kh8 28. Re3 1-0

[Event "Wittelsbach op 1st"]
[Site "Kelheim"]
[Date "2012.12.28"]
[Round "5"]
[White "Engl, Eva"]
[Black "Kunz, Konstantin"]
[Result "1/2-1/2"]
[WhiteElo "1716"]
[BlackElo "2228"]
[PlyCount "87"]
[EventDate "2012.12.26"]
[EventType "swiss"]
[EventRounds "7"]
[EventCountry "GER"]
[SourceTitle "EXT 2014"]
[Source "ChessBase"]
[SourceDate "2013.11.20"]
[SourceVersion "1"]
[SourceVersionDate "2013.11.20"]
[SourceQuality "1"]

1. e4 c5 2. Nf3 e6 3. d4 cxd4 4. Nxd4 a6 5. Nc3 b5 6. Be3 Bb7 7. f3 Qc7 8. Bxb5 axb5 9. Ndxb5 Qc6 10. Bf4 Na6 11. Nd6+ Bxd6 12. Bxd6 Ne7 13. Qd4 f6 14. e5 Nf5 15. Qg4 0-0-0 16. Qf4 fxe5 17. Bxe5 d6 18. Bd4 Nxd4 19. Qxd4 e5 20. Qg4+ Qd7 21. Qc4+ Kb8 22. 0-0-0 d5 23. Nxd5 Qe6 24. Ne3 Qxc4 25. Nxc4 e4 26. fxe4 Bxe4 27. a3 Bxg2 28. Rxd8+ Rxd8 29. Rg1 Bf3 30. Ne5 Be4 31. Rxg7 Rd6 32. b4 Rh6 33. Rg4 Bh1 34. h4 Rh5 35. Nd7+ Kc7 36. Nf6 Rh6 37. Rg7+ Kb6 38. Nxh7 Rxh4 39. Kb2 Nc7 40. Nf6 Rh6 41. Nd7+ Kc6 42. Nc5 Nd5 43. Rg3 Nb6 44. a4 1/2-1/2

[Event "Wittelsbach op 1st"]
[Site "Kelheim"]
[Date "2012.12.27"]
[Round "3"]
[White "Engl, Eva"]
[Black "Braun, Thomas1"]
[Result "0-1"]
[WhiteElo "1716"]
[BlackElo "2162"]
[PlyCount "54"]
[EventDate "2012.12.26"]
[EventType "swiss"]
[EventRounds "7"]
[EventCountry "GER"]
[SourceTitle "EXT 2014"]
[Source "ChessBase"]
[SourceDate "2013.11.20"]
[SourceVersion "1"]
[SourceVersionDate "2013.11.20"]
[SourceQuality "1"]

1. e4 e6 2. Nf3 d5 3. exd5 exd5 4. d4 Bd6 5. Bd3 Ne7 6. 0-0 0-0 7. Bg5 f6 8. Bh4 Nf5 9. c3 Nc6 10. Nbd2 Be6 11. Re1 Qd7 12. Qc2 g6 13. Re2 Rae8 14. Rae1 Nxh4 15. Nxh4 Bf7 16. Nb3 Qg4 17. Nf3 Qh5 18. Nc5 Bxc5 19. dxc5 Ne5 20. Nxe5 fxe5 21. Qa4 e4 22. Bc2 Be6 23. Bb3 c6 24. Qxa7 Bg4 25. Re3 Bf3 26. Qxb7 Qg4 27. Bxd5+ Kh8 0-1

[Event "Nittenau-ch 12th"]
[Site "Nittenau"]
[Date "2012.09.15"]
[Round "3"]
[White "Schindler, Tobias"]
[Black "Engl, Eva"]
[Result "1/2-1/2"]
[WhiteElo "1331"]
[BlackElo "1762"]
[PlyCount "61"]
[EventDate "2012.09.14"]
[EventType "swiss"]
[EventRounds "5"]
[EventCountry "GER"]
[SourceTitle "EXT 2022"]
[Source "ChessBase"]
[SourceDate "2021.10.06"]
[SourceVersion "1"]
[SourceVersionDate "2021.10.06"]
[SourceQuality "1"]

1. c4 c5 2. g3 Nc6 3. Bg2 g6 4. Nc3 Bg7 5. Nf3 e6 6. 0-0 Nge7 7. d3 0-0 8. Bg5 a6 9. Qd2 Re8 10. Ne4 Kh8 11. Nd6 Rf8 12. Bh6 Nf5 13. Bxg7+ Kxg7 14. Nxc8 Rxc8 15. e3 d5 16. cxd5 exd5 17. d4 cxd4 18. Nxd4 Ncxd4 19. exd4 Rc4 20. Rfd1 Qd6 21. b3 Rc7 22. Re1 f6 23. Re2 Rfc8 24. Rae1 Qb6 25. Bxd5 Qxd4 26. Qxd4 Nxd4 27. Rd2 Nb5 28. Bc4 Na3 29. h4 Nxc4 30. bxc4 Kf7 31. Rd6 1/2-1/2

[Event "Nittenau-ch 11th"]
[Site "Nittenau"]
[Date "2011.09.17"]
[Round "2"]
[White "Kaiser, Dominik"]
[Black "Engl, Eva"]
[Result "1-0"]
[WhiteElo "1665"]
[BlackElo "1829"]
[PlyCount "131"]
[EventDate "2011.09.16"]
[EventType "swiss"]
[EventRounds "5"]
[EventCountry "GER"]
[SourceTitle "EXT 2022"]
[Source "ChessBase"]
[SourceDate "2021.10.06"]
[SourceVersion "1"]
[SourceVersionDate "2021.10.06"]
[SourceQuality "1"]

1. e4 c5 2. d4 cxd4 3. c3 dxc3 4. Nxc3 Nc6 5. Nf3 g6 6. Bc4 Bg7 7. Qb3 Na5 8. Bxf7+ Kf8 9. Qa4 Kxf7 10. e5 Nh6 11. b4 Nc6 12. b5 Na5 13. Nd5 d6 14. e6+ Ke8 15. b6+ Kf8 16. Bxh6 Bxh6 17. Qxa5 Bxe6 18. Nc7 Kf7 19. Nxa8 Qxa8 20. 0-0 axb6 21. Qxb6 Rc8 22. Rfe1 Bd5 23. Nd4 Bg7 24. Re2 Rc4 25. Rd1 Qa4 26. Nb3 Bc6 27. Rde1 Be5 28. Qe3 Rh4 29. g3 Qg4 30. f3 Bxf3 31. Rf1 Bxg3 32. Qxf3+ Bf4+ 33. Qxg4 Rxg4+ 34. Rg2 Rh4 35. Nd4 Ke8 36. Nf3 Be3+ 37. Kh1 Ra4 38. Rb1 b6 39. Rb3 Bc5 40. Ng5 h6 41. Ne6 g5 42. Nxc5 bxc5 43. Rh3 e5 44. Rxh6 Kd7 45. Rd2 Rd4 46. Rg2 c4 47. Rxg5 c3 48. Rg7+ Kc6 49. Rh8 Kd5 50. Rc8 Rd1+ 51. Rg1 Rd3 52. a4 Kd4 53. a5 Rd2 54. Rc1 Ra2 55. R1xc3 Rxa5 56. h4 e4 57. Kg2 Rf5 58. Rc1 d5 59. Rd1+ Ke5 60. Re8+ Kd6 61. Kg3 Kd7 62. Rh8 e3 63. Kg4 Re5 64. Rh5 Re4+ 65. Kf3 e2 66. Rhxd5+ 1-0

[Event "Oberpfalz-ch M1"]
[Site "Kareth Lappersdorf"]
[Date "2008.03.17"]
[Round "5"]
[White "Beyerlein, Andreas"]
[Black "Engl, Eva"]
[Result "1/2-1/2"]
[WhiteElo "2144"]
[BlackElo "1852"]
[PlyCount "27"]
[EventDate "2008.03.15"]
[EventType "swiss"]
[EventRounds "8"]
[EventCountry "GER"]
[SourceTitle "EXT 2022"]
[Source "ChessBase"]
[SourceDate "2021.10.06"]
[SourceVersion "1"]
[SourceVersionDate "2021.10.06"]
[SourceQuality "1"]

1. e4 c5 2. c3 g6 3. d4 Bg7 4. Nf3 b6 5. Be3 Nf6 6. dxc5 bxc5 7. Bxc5 Qc7 8. Bd4 Nc6 9. Bxf6 Bxf6 10. Nbd2 0-0 11. Be2 Rb8 12. Qc2 d6 13. 0-0 Be6 14. Rfc1 1/2-1/2

[Event "BL2 Sued 0708 (Women)"]
[Site "Germany"]
[Date "2007.12.01"]
[Round "3.2"]
[White "Engl, Eva"]
[Black "Gusakovskaya, Yana"]
[Result "0-1"]
[WhiteElo "1852"]
[BlackElo "2057"]
[PlyCount "80"]
[EventDate "2007.11.10"]
[EventType "team-tourn"]
[EventRounds "7"]
[EventCountry "GER"]
[SourceTitle "EXT 2009"]
[Source "ChessBase"]
[SourceDate "2008.11.26"]
[SourceVersion "1"]
[SourceVersionDate "2008.11.26"]
[SourceQuality "1"]
[WhiteTeam "Tegernheim (W)"]
[BlackTeam "Wolfbusch (W)"]
[WhiteTeamCountry "GER"]
[BlackTeamCountry "GER"]

1. e4 c5 2. c3 g6 3. d4 cxd4 4. cxd4 d5 5. e5 Nc6 6. Nf3 Bg7 7. Nc3 f6 8. Bb5 Nh6 9. Qa4 Bd7 10. e6 Bxe6 11. Bxc6+ bxc6 12. Qxc6+ Kf7 13. 0-0 Qc8 14. Qb5 Rb8 15. Qa5 Qd7 16. Re1 Nf5 17. Re2 Nd6 18. b3 Rhc8 19. Bd2 Nb7 20. Qa6 Qc6 21. Qa3 Bf8 22. Rae1 Bg4 23. Qb2 e6 24. Rc1 Qa6 25. Rce1 Rc6 26. Re3 Nd6 27. Qa1 Nf5 28. Ne2 Nxe3 29. Bxe3 Bxf3 30. gxf3 Bb4 31. Rc1 Rbc8 32. Rxc6 Rxc6 33. Nf4 g5 34. Nh5 Qe2 35. Kg2 Rc2 36. Qb1 g4 37. Nf4 Qxf3+ 38. Kg1 Qe4 39. Qf1 Bd2 40. Ng2 Rc1 0-1

[Event "Oberpfalz-ch M2"]
[Site "Windischeschenbach"]
[Date "2007.04.03"]
[Round "7"]
[White "Engl, Eva"]
[Black "Grafl, Pascal"]
[Result "1/2-1/2"]
[WhiteElo "1796"]
[BlackElo "1809"]
[PlyCount "149"]
[EventDate "2007.03.31"]
[EventType "swiss"]
[EventRounds "8"]
[EventCountry "GER"]
[SourceTitle "EXT 2022"]
[Source "ChessBase"]
[SourceDate "2021.10.06"]
[SourceVersion "1"]
[SourceVersionDate "2021.10.06"]
[SourceQuality "1"]

1. e4 Nf6 2. e5 Nd5 3. d4 d6 4. c4 Nb6 5. exd6 exd6 6. Bd3 Nc6 7. Nf3 Be7 8. 0-0 Bg4 9. Be3 0-0 10. Nbd2 Bf6 11. Qc2 h6 12. a3 a5 13. Rab1 a4 14. Rfe1 Re8 15. h3 Bxf3 16. Nxf3 Na5 17. Qc3 d5 18. c5 Nbc4 19. Bf4 Qd7 20. Bc2 h5 21. Qd3 g6 22. Qc3 b6 23. cxb6 cxb6 24. Ne5 Nxe5 25. dxe5 Bg7 26. Bd3 Rac8 27. Qb4 Nc4 28. Rbc1 Bf8 29. e6 Rxe6 30. Qc3 Bg7 31. Qb4 Bxb2 32. Rxe6 Qxe6 33. Rb1 Bxa3 34. Qxa4 Bc5 35. Qa1 Re8 36. Bh6 Qe5 37. Qa4 Kh7 38. Bxc4 dxc4 39. Bd2 Rd8 40. Be1 Qe4 41. Rc1 Re8 42. Bd2 Qe2 43. Rf1 Rd8 44. Bc3 Bxf2+ 45. Rxf2 Rd1+ 46. Kh2 Qxf2 47. Qxd1 Qf4+ 48. Kh1 b5 49. Qd4 Qxd4 50. Bxd4 g5 51. Kg1 Kg6 52. Kf2 Kf5 53. Ke3 Ke6 54. Bc5 Ke5 55. Be7 Kf5 56. Kd4 g4 57. h4 g3 58. Kc3 Kg4 59. Bf6 Kf5 60. Be7 Ke6 61. Bd8 Kf5 62. Kb4 Ke4 63. Kxb5 Ke3 64. Kxc4 Kf2 65. Kd3 Kxg2 66. Ke2 f5 67. Bg5 Kh3 68. Kf3 g2 69. Be3 Kxh4 70. Kxg2 Kg4 71. Bf2 h4 72. Kh2 f4 73. Kg2 h3+ 74. Kh2 Kf3 75. Bh4 1/2-1/2

[Event "Oberpfalz-ch M2"]
[Site "Windischeschenbach"]
[Date "2007.04.02"]
[Round "5"]
[White "Gogeissl, Christian"]
[Black "Engl, Eva"]
[Result "1/2-1/2"]
[WhiteElo "1761"]
[BlackElo "1796"]
[PlyCount "35"]
[EventDate "2007.03.31"]
[EventType "swiss"]
[EventRounds "8"]
[EventCountry "GER"]
[SourceTitle "EXT 2022"]
[Source "ChessBase"]
[SourceDate "2021.10.06"]
[SourceVersion "1"]
[SourceVersionDate "2021.10.06"]
[SourceQuality "1"]

1. Nf3 c5 2. c4 Nc6 3. Nc3 g6 4. g3 Bg7 5. Bg2 e6 6. d3 Nge7 7. Bf4 d6 8. 0-0 0-0 9. e4 a6 10. Qc1 f5 11. Bh6 e5 12. Bxg7 Kxg7 13. Ne2 Ng8 14. exf5 Bxf5 15. Ng5 Qd7 16. Qd2 Nf6 17. f4 Rae8 18. Rae1 1/2-1/2

[Event "Oberpfalz-ch M2"]
[Site "Windischeschenbach"]
[Date "2007.04.01"]
[Round "3"]
[White "Baer, Daniel"]
[Black "Engl, Eva"]
[Result "0-1"]
[WhiteElo "1643"]
[BlackElo "1796"]
[PlyCount "116"]
[EventDate "2007.03.31"]
[EventType "swiss"]
[EventRounds "8"]
[EventCountry "GER"]
[SourceTitle "EXT 2022"]
[Source "ChessBase"]
[SourceDate "2021.10.06"]
[SourceVersion "1"]
[SourceVersionDate "2021.10.06"]
[SourceQuality "1"]

1. c4 c5 2. Nf3 Nc6 3. Nc3 g6 4. d3 Bg7 5. Bf4 Nf6 6. g3 0-0 7. Bg2 d5 8. 0-0 dxc4 9. dxc4 Qb6 10. Qc2 Nb4 11. Qb3 Bf5 12. Na4 Qa5 13. Bd2 Ne4 14. Be1 Qc7 15. Bxb4 cxb4 16. Qxb4 a5 17. Qb3 Be6 18. Qe3 Nd6 19. Rac1 Nf5 20. Qe4 Rfd8 21. Ng5 Bd7 22. Nc3 Bh6 23. Nd5 Qc5 24. h4 Re8 25. Rc3 Bg7 26. Rf3 e6 27. Nc3 Bc6 28. Qg4 Bxf3 29. Bxf3 h5 30. Qe4 Nxg3 31. Qxb7 Ra7 32. Na4 Rxb7 33. Nxc5 Nxf1 34. Nxb7 Nd2 35. Nd6 Re7 36. Bg2 Bxb2 37. c5 Ba3 38. Nge4 Nxe4 39. Nxe4 Rc7 40. Nf6+ Kf8 41. c6 Be7 42. Nh7+ Ke8 43. Ng5 Bxg5 44. hxg5 Ke7 45. Kf1 Kd6 46. Ke1 Rxc6 47. Bxc6 Kxc6 48. e4 Kc5 49. Ke2 Kb4 50. f4 Ka3 51. Kf3 Kxa2 52. f5 Kb2 53. Kf4 a4 54. Ke5 a3 55. Kf6 exf5 56. exf5 gxf5 57. Kxf5 a2 58. Kf6 a1Q 0-1

[Event "Oberpfalz-ch M2"]
[Site "Windischeschenbach"]
[Date "2007.04.01"]
[Round "4"]
[White "Engl, Eva"]
[Black "Weszka, Peter"]
[Result "1-0"]
[WhiteElo "1796"]
[BlackElo "1660"]
[PlyCount "43"]
[EventDate "2007.03.31"]
[EventType "swiss"]
[EventRounds "8"]
[EventCountry "GER"]
[SourceTitle "EXT 2022"]
[Source "ChessBase"]
[SourceDate "2021.10.06"]
[SourceVersion "1"]
[SourceVersionDate "2021.10.06"]
[SourceQuality "1"]

1. e4 e6 2. Qe2 c5 3. Nf3 Nc6 4. c3 Be7 5. g3 d5 6. e5 Nh6 7. d3 Nf5 8. Bh3 0-0 9. 0-0 Bd7 10. Re1 a6 11. Bf4 Rb8 12. Bxf5 g5 13. Bxh7+ Kxh7 14. Bc1 d4 15. Qe4+ Kh8 16. cxd4 cxd4 17. Nxd4 Nxe5 18. Qxe5+ Bf6 19. Qe3 Qa5 20. Nc3 Kg8 21. Bd2 e5 22. Nf3 1-0

[Event "Oberpfalz-ch M2"]
[Site "Regensburg"]
[Date "2006.04.11"]
[Round "7"]
[White "Engl, Eva"]
[Black "Borries, Barbara"]
[Result "1/2-1/2"]
[WhiteElo "1805"]
[BlackElo "1721"]
[PlyCount "30"]
[EventDate "2006.04.08"]
[EventType "swiss"]
[EventRounds "8"]
[EventCountry "GER"]
[SourceTitle "EXT 2022"]
[Source "ChessBase"]
[SourceDate "2021.10.06"]
[SourceVersion "1"]
[SourceVersionDate "2021.10.06"]
[SourceQuality "1"]

1. e4 e6 2. Qe2 d5 3. exd5 Qxd5 4. Nc3 Qd8 5. g3 Nf6 6. Bg2 c6 7. Nf3 Be7 8. 0-0 0-0 9. d4 Nbd7 10. Re1 Nb6 11. Ne4 h6 12. b3 Nxe4 13. Qxe4 Bb4 14. Bd2 Bxd2 15. Nxd2 Nd5 1/2-1/2

[Event "Oberpfalz-ch M2"]
[Site "Regensburg"]
[Date "2006.04.10"]
[Round "5"]
[White "Moore, Bernd"]
[Black "Engl, Eva"]
[Result "1/2-1/2"]
[WhiteElo "1675"]
[BlackElo "1805"]
[PlyCount "59"]
[EventDate "2006.04.08"]
[EventType "swiss"]
[EventRounds "8"]
[EventCountry "GER"]
[SourceTitle "EXT 2022"]
[Source "ChessBase"]
[SourceDate "2021.10.06"]
[SourceVersion "1"]
[SourceVersionDate "2021.10.06"]
[SourceQuality "1"]

1. e4 c5 2. c3 g6 3. d4 cxd4 4. Qxd4 Nf6 5. Bd3 Nc6 6. Qa4 Bg7 7. Be3 0-0 8. Ne2 Ng4 9. Na3 Nxe3 10. fxe3 Ne5 11. Qc2 Ng4 12. Qd2 Bh6 13. Nf4 e5 14. Nd5 d6 15. 0-0-0 Be6 16. Nc2 Rc8 17. h3 Nf6 18. Ncb4 Nxd5 19. exd5 Bd7 20. Kb1 a5 21. Nc2 b5 22. Qe2 Qb6 23. e4 b4 24. c4 b3 25. axb3 Qxb3 26. Na3 Rb8 27. Nb5 a4 28. Qc2 Qb4 29. Qc3 Qc5 30. Qa3 1/2-1/2

[Event "Bayern-ch (Women) 76th"]
[Site "Wuerzburg"]
[Date "2005.08.28"]
[Round "2"]
[White "Giss, Helene"]
[Black "Engl, Eva"]
[Result "1-0"]
[WhiteElo "1913"]
[BlackElo "1772"]
[PlyCount "35"]
[EventDate "2005.08.27"]
[EventType "swiss"]
[EventRounds "9"]
[EventCountry "GER"]
[SourceTitle "EXT 2015"]
[Source "ChessBase"]
[SourceDate "2014.11.20"]
[SourceVersion "1"]
[SourceVersionDate "2014.11.20"]
[SourceQuality "1"]

1. e4 d5 2. exd5 Qxd5 3. Nc3 Qa5 4. d4 c6 5. Bc4 Nf6 6. Bd2 Qb6 7. Nf3 Bg4 8. Bxf7+ Kxf7 9. Ne5+ Kg8 10. Nxg4 Qxd4 11. Ne3 e6 12. Qe2 Nbd7 13. h3 Bb4 14. Ng4 Kf7 15. 0-0-0 Qb6 16. Qf3 Rhf8 17. Be3 Qc7 18. Rxd7+ 1-0

[Event "Bayern-ch (Women) 76th"]
[Site "Wuerzburg"]
[Date "2005.08.27"]
[Round "1"]
[White "Engl, Eva"]
[Black "Stegmaier, Erika"]
[Result "1-0"]
[WhiteElo "1772"]
[BlackElo "1524"]
[PlyCount "55"]
[EventDate "2005.08.27"]
[EventType "swiss"]
[EventRounds "9"]
[EventCountry "GER"]
[SourceTitle "EXT 2015"]
[Source "ChessBase"]
[SourceDate "2014.11.20"]
[SourceVersion "1"]
[SourceVersionDate "2014.11.20"]
[SourceQuality "1"]

1. c4 e5 2. Nc3 c6 3. Nf3 d6 4. g3 Nf6 5. d3 Be7 6. Bg2 0-0 7. 0-0 Nbd7 8. b4 a6 9. a4 Rb8 10. Bd2 b5 11. cxb5 cxb5 12. Nh4 Bb7 13. Bxb7 Rxb7 14. Nf5 Re8 15. Qb3 Nf8 16. axb5 axb5 17. Ra5 Qd7 18. Nxe7+ Rxe7 19. Bg5 Re6 20. Bxf6 Rxf6 21. Qd5 g6 22. Nxb5 Qg4 23. Qxb7 Qxb4 24. Ra8 Re6 25. Ra7 Rf6 26. Qe7 Kg7 27. Ra8 Ne6 28. Nxd6 1-0

[Event "Oberpfalz-ch M2"]
[Site "Schwarzenfeld"]
[Date "2005.??.??"]
[Round "2"]
[White "Engl, Eva"]
[Black "Gassner, Michael"]
[Result "1-0"]
[WhiteElo "1681"]
[BlackElo "1826"]
[PlyCount "101"]
[EventDate "2005.03.19"]
[EventType "swiss"]
[EventRounds "8"]
[EventCountry "GER"]
[SourceTitle "EXT 2022"]
[Source "ChessBase"]
[SourceDate "2021.10.06"]
[SourceVersion "1"]
[SourceVersionDate "2021.10.06"]
[SourceQuality "1"]

1. e4 c5 2. Nf3 d6 3. Nc3 e6 4. d4 cxd4 5. Nxd4 a6 6. Be3 Nf6 7. Bd3 Nbd7 8. Nb3 Be7 9. 0-0 0-0 10. f4 Qc7 11. Qf3 Rb8 12. Qg3 Kh8 13. Rae1 b5 14. e5 Nd5 15. Qh3 g6 16. Nxd5 exd5 17. exd6 Bxd6 18. Bd4+ Kg8 19. Qh6 f6 20. Re3 Rf7 21. Rg3 Bf8 22. Qh4 Bg7 23. Rh3 Nf8 24. Re3 Ne6 25. Bc3 f5 26. Bxg7 Kxg7 27. Re5 Bd7 28. Rxd5 Rc8 29. Re5 Qb6+ 30. Qf2 Qxf2+ 31. Rxf2 Kf6 32. g3 Re8 33. Rfe2 Rfe7 34. a3 Nc7 35. Nc5 Bc8 36. Rxe7 Rxe7 37. Rxe7 Kxe7 38. Kf2 Kd6 39. b4 Be6 40. Be2 Bd5 41. Ke3 h6 42. Kd4 Bc6 43. c4 Be8 44. Bf3 Bf7 45. Nb7+ Kd7 46. c5 Bc4 47. c6+ Ke6 48. Kc5 Na8 49. Nd6 Bb3 50. Ne8 g5 51. c7 1-0